SÚSTAVNÉ VZDELÁVANIE DUCHOVNÝCH

Bibliographic Details
Main Author: Kormaník, Peter (Author)
Format: Article
Language:Slovak

MARC

LEADER 00000nab a2200000uu 4500
001 vtls011141268
003 SK-MaSNL
005 20260303151130.0
008 230222|2003 xo |||||||||||||||||slo|
015 |a SNBRB 
035 |a (urnnbn)urn:nbn:sk:snk:ar-008ccn 
035 |a (uuid)f42a36ff-4c09-4057-9cdb-a98cf64cf06d 
035 |a urn:nbn:sk:snk-abat0l 
040 |a SNKBUCL  |b slo  |c SNKBUCL  |e AACR2 
041 0 |a slo 
044 |a xo  |c SK 
100 1 |a Kormaník, Peter  |4 aut  |9 274326 
245 1 0 |a SÚSTAVNÉ VZDELÁVANIE DUCHOVNÝCH  |c Peter Kormaník 
773 0 |t Pravoslávny teologický zborník  |g Č. 26 (2003), s. 165-177 
954 |a odborná, vedecká literatúra pôvodná (slovenská)  |2 lita 
958 |a OND 
958 |a EUIPO 
958 |a article14 
999 |c 2016208  |d 2018138